Explorers - Statistics

General Stats
  • This quiz has been taken 32 times
  • The average score is 11 of 15
Answer Stats
Question Answer % Correct
John Lennon sparked quite a bit of controversy in the US in 1966. Why? What did he say? The Beatles are more popular than Jesus
100%
Which Swedish band got very popular after their Eurovision win in 1974? Abba
83%
What was probably Amelia Earhart`s favourite choice of transportation? Airplanes
83%
Movie about a lunar mission. With Tom Hanks in a leading role. What is it called? Apollo 13
83%
Who was the first to circumnavigate the world? Ferdinand Magellan
83%
Charles Elwood Yeager was the first to do this: First to brake the sound barrier
83%
And now a hard one. Who was the third person to walk on the moon? Pete Conrad
83%
Robert Falcon Scott reached the South Pole in 1912. Someone beat him with about 4 weeks. Who? Roald Amundsen
83%
Sir Edmund Percival Hillary climbed Mount Everest in 1953 with a friend. What was the name of his friend? Tenzing Norgay
83%
This was considered foolish, absurd, and heretical by the Roman Inquisition in 1615. What? Heliocentrism
67%
In what US city can you find "Graceland"? Memphis
67%
Which idiot won the first season of "Survivor" in America? Richard Hatch
67%
Many years ago there was a movie character called "The tramp". Who played that character? Charlie Chaplin
50%
Seinfeldism: George: I like DeSoto. Jerry: DeSoto? What did he do? What was George`s answer? Discovered the Mississippi
50%
The New York Marathon didn`t want women to compete in the 70`s. A Norwegian woman ended up physically fighting off organizing people in her first run. She ended up winning the competition 9 times. Her name? Grete Waitz
33%
No matching quizzes found
Score Distribution
Percent of People with Each Score
Percentile by Number Answered
Your Score History
You have not taken this quiz